000 00622nam a2200205 a 4500
001 13882
003 BD-JhCC
005 20240511113126.0
008 240511b19922018b |||| ||a| 000 0 b d
020 _a9789848812686
035 _a(BD-JhCC)13882
040 _aBD-JhCC
_dBD-JhCC
041 _aben
082 _2891.541
_bAHM 2018
100 _a আহমেদ,হুমায়ূন
245 _aদি একসরসিস্ট /
_cহুমায়ূন আহমেদ
260 _aঢাকা:
_bজ্ঞানকোষ প্রকাশনী;
_c2018.
300 _a120 p. :
_c21 cm.
942 _2ddc
_cBK
999 _c13882
_d13882